Hogyan változtatta meg a zenefogyasztási szokásokat a digitális fejlődés?

Elmentve itt :
Bibliográfiai részletek
Szerző: Nagy Máté
További közreműködők: Kazár Klára (Témavezető)
Dokumentumtípus: Szakdolgozat
Megjelent: 2022
Tárgyszavak:
Online Access:http://diploma.bibl.u-szeged.hu/134389
LEADER 00707nta a2200181 i 4500
001 dipl134389
005 20230905154531.0
008 230731s2022 hu om 0|| hun d
040 |a SZTE Diploma Repozitórium  |b hun 
041 |a hun 
100 1 |a Nagy Máté 
245 1 0 |a Hogyan változtatta meg a zenefogyasztási szokásokat a digitális fejlődés?  |h [elektronikus dokumentum] /  |c Máté Nagy 
246 1 0 |a How has the digital revolution changed music consumption?  |h [elektronikus dokumentum] 
260 |c 2022 
650 4 |a Gazdaságtudományok 
650 4 |a Economics and business 
700 1 |a Kazár Klára  |e ths 
856 4 0 |u https://diploma.bibl.u-szeged.hu/id/eprint/134389/1/2022_nagy_mate.pdf  |z Dokumentum-elérés